[Event "RUS-ch"]
[Site "Elista"]
[Date "1995.??.??"]
[Round "1"]
[White "Glek, Igor Vladimirovich"]
[Black "Rustemov, Alexander"]
[Result "1/2-1/2"]
[WhiteElo "2580"]
[BlackElo "2475"]
[Annotator "Rustemov,A"]
[PlyCount "112"]
[EventDate "1995.10.??"]
[EventType "swiss"]
[EventRounds "11"]
[EventCountry "RUS"]
[SourceTitle "CBM 050"]
[Source "ChessBase"]
[SourceDate "1996.02.01"]
[SourceVersion "1"]
[SourceVersionDate "1996.02.01"]
[SourceQuality "1"]

1. c4 g6 2. Nc3 Bg7 3. g3 e6 $5 4. Bg2 Ne7 (4... c5 $5 5. Nf3 Nc6 6. O-O Nge7
7. d3 O-O 8. Bd2 d5 9. a3 b6 10. Rb1 Bb7 11. b4 cxb4 12. axb4 dxc4 $1 13. dxc4
Rc8 $15 {Petrosian,T-Fisher,R/Belgrade/1970/}) 5. e4 $6 (5. d4 $32 d5 6. Nf3
Nbc6 7. cxd5 exd5 8. O-O O-O 9. Bf4 $14) 5... c5 6. Nge2 Nbc6 7. O-O O-O 8. a3
$5 (8. d3 d6 9. Be3 Nd4 $10) 8... d6 9. Rb1 Nd4 $5 (9... b6 $5 10. b4 Bb7 11.
d3 Nd4 $10) 10. b4 b6 11. e5 $5 (11. d3 Bb7 $10) 11... d5 12. f4 $8 Nxe2+ $6 (
12... Ba6 $5 13. b5 (13. Nxd4 $6 cxd4 14. Nb5 dxc4 $1 15. Bxa8 Bxb5 16. Bg2 Qd7
$15) 13... Bb7 $10) 13. Qxe2 Ba6 14. d3 $5 (14. b5 Bb7 15. d3 Nf5 $15) 14...
Rc8 (14... dxc4 $5 15. b5 $1 $8 Qd4+ 16. Be3 Qxc3 17. Bxa8 cxd3 $13) 15. b5 Bb7
16. Bb2 Rc7 $6 17. g4 $1 $14 Rd7 18. Rbd1 (18. Rf2 $5 {/\Rbf1/}) 18... Qa8 19.
Rf2 (19. a4 $5) 19... dxc4 20. dxc4 Rxd1+ 21. Nxd1 Rd8 (21... Bxg2 $5 22. Rxg2
a6 23. a4 axb5 24. axb5 Rd8 $132) 22. Bxb7 Qxb7 23. Rf1 $14 h5 $1 24. h3 (24.
gxh5 $6 gxh5 25. Qxh5 Qe4) 24... Qd7 25. Nf2 Qd2 26. Qxd2 Rxd2 27. Bc3 Rc2 (
27... Rd7 $2 28. Rd1 Rxd1+ 29. Nxd1) 28. Ne4 Nf5 $1 (28... Nd5 $2 29. cxd5 exd5
30. e6 $1 $18) 29. Rd1 $1 Ng3 $1 30. Rd8+ Bf8 31. Nf6+ {(+)/} Kg7 32. Be1 $2 (
32. Ne8+ Kg8 33. Nf6+ $10) 32... Ne2+ 33. Kf1 Nxf4 34. Bd2 Rxc4 35. Ne8+ Kh6 $5
36. Nd6 $1 Rd4 $4 (36... Bxd6 $1 37. exd6 Rd4 38. d7 Kg5 $1 39. gxh5 $1 Rxd2
40. h6 Kxh6 41. Rh8+ Kg7 42. d8=Q Rxd8 43. Rxd8 Nd5 44. Rd7 Nc3 $17) 37. Nxf7+
(37. g5+ $3 Kxg5 (37... Kg7 38. Ne8+ {/\Rd4,Bf4+-/}) (37... Kh7 38. Rxf8 Rxd2
39. Rxf7+ $18) 38. Nxf7+ Kh4 39. Rxd4 $18) 37... Kg7 38. Rxd4 cxd4 39. Nd8 (39.
Ng5 $1 Nd5 40. Nxe6+ Kf7 41. Nxf8 $1 $16) 39... Be7 $1 40. Nc6 Nd5 41. Nxa7 $2
{(+)/} (41. a4 $14) 41... Bxa3 $15 42. Ke2 Bb2 43. Kd3 Bc3 44. Bg5 Nb4+ 45. Kc4
Nc2 46. Nc6 $5 Na3+ 47. Kd3 hxg4 48. hxg4 Nxb5 49. Bd8 Kh6 $5 50. Bxb6 Kg5 51.
Nd8 Kf4 (51... Kxg4 52. Nxe6 g5 53. Nxg5 Kxg5 54. Bxd4 $1 Bxd4 55. Kc4 $10) 52.
Nxe6+ Kxe5 53. Nf8 Kf6 (53... g5 54. Nh7 Kf4 55. Nxg5 $1 $10) 54. Nh7+ Ke6 55.
Nf8+ Kf7 56. Nd7 Ke6 1/2-1/2

[Event "FIDE World Cup"]
[Site "Baku"]
[Date "2015.09.15"]
[Round "2.2"]
[White "So, Wesley"]
[Black "Balogh, Csaba"]
[Result "1-0"]
[WhiteElo "2760"]
[BlackElo "2657"]
[Annotator "Schulz,Andre"]
[PlyCount "67"]
[EventDate "2015.09.11"]
[EventType "k.o."]
[EventRounds "7"]
[EventCountry "AZE"]
[SourceTitle "CBM 169"]
[Source "ChessBase"]
[SourceDate "2015.11.10"]
[SourceVersion "1"]
[SourceVersionDate "2015.11.10"]
[SourceQuality "1"]

1. c4 e5 2. Nc3 c5 3. g3 Nc6 4. Bg2 g6 5. a3 Nge7 $6 {[#]} ({Normal ist} 5...
Bg7) 6. Ne4 $1 {Die Felder c5, d6 und f6 möchten gedeckt werden.} Nf5 (6... b6
7. Nd6# {Kleiner Scherz...}) 7. d3 Be7 {Das ist nicht das Feld, auf das der
Läufer ursprünglich ziehen wollte, aber es drohte Lg5.} 8. e3 h5 9. Ne2 Kf8 (
9... h4 10. N2c3 h3 11. Bf3 $16) 10. N2c3 Kg7 11. Nd5 a5 12. O-O d6 13. d4 cxd4
14. exd4 Ncxd4 15. Nxe7 Nxe7 16. Bg5 f5 17. Bf6+ Kf7 {[#]} 18. f4 $1 {Weiß
spielt sehr energisch.} fxe4 19. fxe5 Nf3+ (19... Bf5 20. Bxh8 Qb6 21. exd6
Rxh8 22. dxe7 Re8 {bot mehr Verteidigungschancen.}) 20. Bxf3 exf3 21. Bxh8 Qb6+
22. Rf2 Bg4 23. exd6 {[#] Schwarz hat eine Qualität weniger und steht mit
seinem ungeschützten König schlecht.} Rd8 24. c5 Qxc5 25. Qb3+ Nd5 26. Be5 a4
27. Qxa4 Re8 28. Qd4 Qxd4 29. Bxd4 Re4 30. Bc5 Ke6 31. Rd1 b6 32. Bb4 Nxb4 33.
axb4 Kd7 34. h3 1-0

[Event "Alekhine Memorial"]
[Site "Moscow"]
[Date "1992.??.??"]
[Round "?"]
[White "Salov, Valery"]
[Black "Shirov, Alexei"]
[Result "1/2-1/2"]
[WhiteElo "2655"]
[BlackElo "2710"]
[Annotator "Shirov,A"]
[PlyCount "83"]
[EventDate "1992.11.??"]
[EventType "tourn"]
[EventRounds "7"]
[EventCountry "RUS"]
[EventCategory "18"]
[SourceTitle "CBM 033"]
[Source "ChessBase"]
[SourceDate "1993.04.01"]
[SourceVersion "1"]
[SourceVersionDate "1993.04.01"]
[SourceQuality "1"]

1. c4 {Ribli} Nf6 2. Nc3 g6 3. g3 Bg7 4. Bg2 O-O 5. e4 d6 6. Nge2 c5 7. d3 Nc6
8. O-O a6 9. Rb1 Rb8 10. a3 (10. a4 $5 {Ribli} Bd7 11. h3 Ne8 12. Be3 Nc7 13.
d4 cxd4 14. Nxd4 Ne6 (14... b5 $5 15. cxb5 Nxd4 16. Bxd4 axb5 17. a5 b4 $13)
15. Nde2 Nc7 $2 16. Bb6 Qc8 17. Nd5 $16 {Webster,A-McFarland,R BCF-ch 1992 EXP/
30}) 10... b5 11. cxb5 axb5 12. b4 cxb4 (12... Ba6 13. h3 e5 14. f4 exf4 15.
bxc5 $6 fxg3 16. Bf4 dxc5 $1 17. Bxb8 Qxb8 $17 {Aarland-Shirov,A/Gausdal/1991/}
) 13. axb4 Be6 14. h3 (14. d4 Bc4 $1 {Serper-Piket,Je/Amsterdam/1990/} 15. e5
$5 (15. Re1 {Ribli} e5 16. dxe5 dxe5 17. Nd5 Nxd5 18. exd5 Nd4 19. Nxd4 exd4
20. Bb2 Qb6 $10 {Serper,G-Piket,Je Amsterdam OHRA-B 1990 CBM/20 50/(51)}) 15...
dxe5 16. Bxc6 exd4 17. Ne4 (17. Qxd4 Nd5 18. Qd2 Nxc3 19. Nxc3 Bxf1 20. Kxf1
Qxd2 21. Bxd2 Bxc3 22. Bxc3 Rbc8 $19) (17. Nxd4 Bxf1 18. Kxf1 Rc8 $1) 17... Nd5
$1 $44) (14. Nf4 Bd7 $1 15. d4 e5 16. dxe5 dxe5 17. Nfd5 Nxd5 18. Nxd5 Nd4 $10)
14... Qd7 $1 (14... d5 15. Nf4 dxe4 16. Nxe6 fxe6 17. Nxe4 Nxe4 18. Bxe4 $14)
15. Nf4 (15. Kh2 d5 $1) 15... Rfc8 16. Nxe6 Qxe6 17. Ne2 $1 (17. Bd2 Nd4 18.
Ne2 Nd7 $15) 17... Ra8 $5 (17... Qa2 18. Nc3 (18. Be3 Ne5 19. f4 Rc2 $1 20. Re1
Nfg4 $1) 18... Qe6 19. Ne2) 18. Be3 Ra4 19. Qd2 (19. Nc3 Rxb4 20. Nxb5 (20.
Rxb4 Nxb4 21. Nxb5 Nc2 $1) 20... Rxb1 21. Qxb1 Rb8 22. Qc2 Nb4 23. Qc4 Qxc4 24.
dxc4 Nd7 $15) 19... Ra2 20. Nf4 $1 Rxd2 21. Nxe6 Rc2 $1 (21... Rxd3 $2 22. Nxg7
Kxg7 23. Rfc1 $1) 22. Nxg7 Kxg7 23. d4 e6 $6 (23... e5 $1 24. dxe5 dxe5 25.
Rfe1 Rc4 26. Bc5 Nd4 27. Rb2 $13) 24. d5 $1 exd5 25. exd5 Ne5 26. Rfc1 Rxc1+
27. Rxc1 Rxc1+ 28. Bxc1 Ne8 29. Bb2 f6 30. Kf1 Nc7 31. Ke2 Kf7 32. Bc3 (32. g4
g5 $1) (32. Bd4 Na6 33. Bc3 h5) 32... Nc4 33. Kd3 Nb6 34. Kd4 h5 35. Bd2 Nc4
36. Be1 f5 37. f4 Ke7 38. Bf3 Nb6 $1 39. Bc3 Kf7 40. Bd2 Ke7 41. Be1 Ke8 42.
Bd2 1/2-1/2

[Event "SWE-ch"]
[Site "Linkoping"]
[Date "2001.07.13"]
[Round "12"]
[White "Karlsson, Lars"]
[Black "Wedberg, Tom Birger"]
[Result "1/2-1/2"]
[WhiteElo "2476"]
[BlackElo "2505"]
[Annotator "Ziegler,A"]
[PlyCount "68"]
[EventDate "2001.06.30"]
[EventType "tourn"]
[EventRounds "13"]
[EventCountry "SWE"]
[EventCategory "8"]
[SourceTitle "CBM 085"]
[Source "ChessBase"]
[SourceDate "2001.11.13"]
[SourceVersion "1"]
[SourceVersionDate "2001.11.13"]
[SourceQuality "1"]

1. g3 c5 2. c4 Nc6 3. Bg2 e5 4. Nc3 g6 5. a3 a5 6. e3 {Nu får vi se vad Lasses
uppställning är värd mot Wedbergsystemet. Idag möter han originalet.} Bg7 7.
Nge2 Nge7 8. Nb5 d6 9. Nec3 f5 10. O-O O-O 11. f4 Be6 12. d3 Rb8 13. Nd5 {
Öppningsfasen är avslutad och vit tar positioner. Dvoretskij är lite tveksam
till principen bakom vits drag. Han menar att svarts springare tar fält av
varandra och att man därför inte skall underlätta för svart att bya av dem.}
Qd7 ({Dvoretskij hade kanske föredragit:} 13... Bf7 {för att därefter slå på
d5.}) 14. Rb1 b6 15. Bd2 Bf7 16. e4 fxe4 17. dxe4 Be6 (17... Nxd5 18. exd5 Nd4
19. Nxd4 exd4 {Är ganska lika, men Tom vill nog prova lite först.}) 18. Qc2
exf4 19. gxf4 Nd4 20. Nxd4 Bxd4+ 21. Kh1 {[#]} b5 22. Bxa5 bxc4 23. Nxe7+ Qxe7
24. Bc3 {Det var viktigt att neutralisera monsterlöparen.} Bxc3 (24... Qf6 25.
Rbe1 {Med idén e5 var lite skumt.} Rb3 26. e5 Qd8 27. exd6 Qxd6) 25. bxc3 Rb3
26. Qd2 Kh8 (26... Rxa3 27. Rb6 Rd8 28. f5 {Är dumdristigt av svart.}) 27. Rbd1
Bg4 28. Qxd6 Qxd6 29. Rxd6 Rxc3 30. Rc6 Rxa3 31. Rxc5 Be2 32. Re1 Rxf4 33. Rxe2
Ra1+ 34. Bf1 Raxf1+ {Svart har en akademisk fördel, men Tom litar på att Lasse
grejar det här.} 1/2-1/2